[Event "MK Cafe Cup-A"]
[Site "Koszalin"]
[Date "1999.08.03"]
[Round "1"]
[White "Filippov, Valerij"]
[Black "Teske, Henrik"]
[Result "1-0"]
[WhiteElo "2605"]
[BlackElo "2515"]
[Annotator "Ribli,Z"]
[PlyCount "61"]
[EventDate "1999.08.03"]
[EventType "swiss"]
[EventRounds "9"]
[EventCountry "POL"]
[SourceTitle "CBM 073"]
[Source "ChessBase"]
[SourceDate "1999.12.01"]
[SourceVersion "1"]
[SourceVersionDate "1999.12.01"]
[SourceQuality "1"]

{[%mdl 2112]} 1. Nf3 c5 2. c4 Nf6 3. Nc3 Nc6 4. g3 g6 5. Bg2 d6 {Eine
ungewöhnliche Zugfolge, aber das ist nur Zugumstellung zur Variante 5...Bg7 6.
0-0 0-0 7.d4. Ribli.} 6. d4 cxd4 7. Nxd4 Nxd4 (7... Bd7 8. O-O Bg7 9. b3 O-O
10. Bb2 $14) 8. Qxd4 Bg7 9. O-O O-O 10. Qd3 {Das ist die prinzipielle
Fortsetzung und meines Erachtens die beste Möglichkeit für Weiss, aber früher
spielte man auch 10.Qh4 oder 10.Bg5.} Be6 11. Bd2 {Das ist die sichere
Fortsetzung. Die Annahme des Bauernopfers auf b7 wäre sehr riskant.} (11. Bxb7
Rb8 12. Bg2 Qa5 $44 {[%csl Ga5,Gb8,Rc4,Ge6][%cal Gf8c8,Gc8c4,Gf6d7,Gd7e5,Ge5c4,
Ge5d3] Weiss hat einen Bauern mehr, aber Schwarz hat lebendiges Figurenspiel
und ausreichende Kompensation dank seines positionellen Drucks am Damenflügel.}
) 11... Qd7 {Schwarz verteidigt den b7-Bauern und bereitet ...Bh3 vor.} (11...
Qc8 {[%cal Rc8c4,Gc8h3]} 12. b3 Bh3 13. Rad1 $146 Bxg2 14. Kxg2 a6 15. a4 $14
b6 16. Bg5 (16. e4 Qb7 17. f3 $14) 16... Qb7+ 17. Kg1 (17. e4) 17... Rfe8 {
[%cal Gf6d7,Gd7c5]} 18. Rc1 {1/2-1/2 Romanishin,O-Neverov,V/Donetsk 1998/CBM
68/[Ribli] (31)}) (11... Nd7 $5 {[%cal Gd7e5,Ge5d3,Ge5c4]} 12. b3 Rb8) 12. Rfd1
{Weiss vermeidet den Läufertausch, denn nach 12...Bh3 kann er 13.Bh1 ziehen.
In dieser Variante hat Weiss immer etwas Raumvorteil und starke Kontrolle über
das Feld d5. Anderseits ist die schwarze Stellung fest.} (12. Nd5 Nxd5 13. cxd5
Bg4 {Schwarz hat keinerlei Probleme.} 14. f3 Bf5 15. e4 Bh3 16. Bxh3 Qxh3 17.
Rac1 Rac8 {1/2-1/2 Smyslov,V-Christiansen,L/Hastings 1981/Inf 33 (17)}) 12...
Rac8 (12... Rfc8 13. b3 Rc5 14. Rac1 Bf5 15. e4 Bh3 16. Bh1 Rac8 17. Be3 Ra5
18. f3 Ne8 19. a4 Be6 20. Nd5 h5 21. Bg2 Nf6 22. Bd2 Rac5 23. b4 R5c6 24. b5 {
1-0 Maric,A-Faure,J/Geneve 1989/EXT 97 (77)}) 13. b3 Rfd8 14. Rac1 $14 {
[%csl Yd5,Rd7][%cal Gg2b7] Weiss hat harmonische Figurenkoordination und
Raumvorteil. Der g2-Läufer ist stark, während die schwarze Dame unglücklich
steht, weil Schwarz nicht ...Nd7 ziehen kann.} Bf5 (14... Bh3 15. Bh1 $14) 15.
e4 {[#]} Bh3 $6 {Alles scheint in Ordnung für Schwarz, aber Weiss kann einen
unerwarteten Durchbruch durchführen. Besser war zuerst 15...Bg4, wonach Weiss
die Diagonale des g2-Läufers mit 16.f3 schliessen muss.} (15... Bg4 16. f3 Bh3
17. Be3 Bxg2 18. Kxg2 $14) 16. e5 $1 Bf5 (16... dxe5 17. Qxd7 Bxd7 18. Bxb7 $14
{[%csl Ga2,Gb3,Gc4,Re5,Re7] Weiss hat eine gesunde und bewegliche Mehrheit am
Damenflügel.}) (16... Ne8 17. Bxh3 Qxh3 18. Nd5 $14) 17. Qe2 {[%cal Gd1d8]}
dxe5 18. Be3 Bd3 (18... Qc7 19. Nb5 Qa5 20. Bxb7 $14) 19. Qe1 {[%csl Rd3,Rd7]
[%cal Gd1d8] Unter zeitweiligem Bauernopfer hat Weiss die Initiative errungen.}
Qf5 (19... b6 20. Nd5 e6 21. Nxf6+ Bxf6 22. Be4 Bxe4 23. Rxd7 Rxd7 24. Bxb6 $16
{[%csl Re4][%cal Re1e4]}) 20. Bxb7 {Weiss hat Positionsvorteil. Der schwarze
Läufer g7 ist eingesperrt, es gibt schwarze Doppelbauern in der e-Linie,
während Weiss über eine 3:1-Bauernmehrheit am Damenflügel verfügt.} e4 $2 {
Schwarz opfert die Qualität und sucht so Gegenspiel auf den weissen Feldern.} (
20... Rc7 21. Bg2 $14) (20... Rb8 21. Bg2 $14) 21. Bxc8 Qxc8 (21... Rxc8 22.
Nd5 Nxd5 23. cxd5 $16) 22. Nd5 $16 {[%csl Gd5][%cal Rd5e7,Re7c8,Re7g8] Schwarz
hat keine ausreichende Kompensation für den Bauern. Weiss hat die Initiative.}
Nxd5 23. cxd5 {[%cal Gc1c8]} Qa6 {[%cal Ra6a2,Ga6a7]} (23... Qd7 24. Qa5 {
[%csl Ra7]} a6 25. Rc7 $18) 24. Qb4 {[%csl Re7][%cal Rb4e7]} Bf6 25. a4 Rxd5
26. Bh6 {[%csl Rg8][%cal Rb4b8,Rb8g8] Der schwarze Koenig befindet sich im
Mattnetz.} Rd8 27. Qxe4 $1 $18 {[%cal Gd1d8] Weiss hat den schwarzen
Schlüsselbauern gewonnen. Es droht 28.Rxd3 mit Gewinn.} e5 (27... Bxe4 $2 28.
Rxd8#) 28. Qc6 {[%cal Rc6a6,Rc6f6]} Qxc6 29. Rxc6 {[%csl Gc6,Gd1] Weiss hat
klare Qualität mehr und die weisen Türme sind aktiv. Schwarz ist ohne Hoffnung.
} Be7 30. Rc7 Bd6 (30... Bf6 31. Rxa7 $18) 31. Bg5 {Schwarz gab auf.} (31. Bg5
Bxc7 (31... Re8 32. Rd7 $18) 32. Bxd8 Bxd8 33. Rxd3 $18) 1-0

[Event "San Francisco"]
[Site "San Francisco"]
[Date "1991.??.??"]
[Round "8"]
[White "Adianto, Utut"]
[Black "Fedorowicz, John P"]
[Result "1/2-1/2"]
[WhiteElo "2470"]
[BlackElo "2555"]
[Annotator "Ribli,Z"]
[PlyCount "30"]
[EventDate "1991.03.??"]
[EventType "tourn"]
[EventRounds "11"]
[EventCountry "USA"]
[EventCategory "12"]
[SourceTitle "CBM 023"]
[Source "ChessBase"]
[SourceDate "1991.08.01"]
[SourceVersion "1"]
[SourceVersionDate "1991.08.01"]
[SourceQuality "1"]

1. d4 Nf6 2. Nf3 g6 3. g3 c5 4. Bg2 Bg7 5. O-O O-O 6. c4 cxd4 7. Nxd4 Nc6 8.
Nc3 Nxd4 9. Qxd4 d6 10. Rd1 Be6 11. Bd2 (11. Bxb7 $5) 11... Nd5 12. Qd3 Nxc3
13. Bxc3 Bxc3 14. Qxc3 Rc8 15. Bd5 (15. Qe3 $5) 15... Qd7 1/2-1/2

[Event "Budapest FS10 GM"]
[Site "Budapest"]
[Date "1993.??.??"]
[Round "6"]
[White "Loginov, Valery A"]
[Black "Avrukh, Boris"]
[Result "0-1"]
[WhiteElo "2505"]
[BlackElo "2440"]
[Annotator "Ribli,Z"]
[PlyCount "96"]
[EventDate "1993.10.??"]
[EventType "tourn"]
[EventRounds "11"]
[EventCountry "HUN"]
[EventCategory "9"]
[SourceTitle "CBM 038"]
[Source "ChessBase"]
[SourceDate "1994.02.01"]
[SourceVersion "1"]
[SourceVersionDate "1994.02.01"]
[SourceQuality "1"]

1. Nf3 Nf6 2. g3 g6 3. c4 Bg7 4. Bg2 O-O 5. O-O c5 6. Nc3 Nc6 7. d4 cxd4 8.
Nxd4 Ng4 9. e3 d6 10. b3 (10. Nce2 $5 {Topalov,V-Leko,P/Leon/1993/CBM36/})
10... Nxd4 11. exd4 Nh6 12. Bd2 Nf5 $6 (12... Rb8 $1 {Loginov,V-Leko,P/
Budapest ExpFS/1993/EXP36/}) 13. d5 a6 14. a4 Bd7 15. a5 $6 (15. Re1 $1 Rb8 16.
Bf1 $1 Nd4 17. Ne4 $14 {Hansen,Cu-Hellers,F/Amsterdam OHRA-B/CBM20/INF50,(55)/}
) 15... Rb8 16. Ra3 b5 17. axb6 Qxb6 18. Ne4 $6 Bb2 19. Ba5 Qa7 (19... Qb7 $5
20. Ra2 Qxb3 21. Qxb3 Rxb3 22. c5 $5 $15 (22. Rb1 Rfb8 23. Bc7 Be5 $17)) 20.
Ra2 Bd4 21. Qd3 h5 22. Rd1 Rfc8 23. h3 Be5 24. Kh1 Nd4 25. b4 Bf5 26. f4 Bg7
27. Kh2 Qd7 28. Qf1 Nb3 29. Rb1 Nxa5 30. Rxa5 Qc7 31. c5 (31. Rxa6 Qxc4 $17)
31... Rxb4 $1 32. Rxb4 Qxa5 33. Rb7 Bxe4 34. Bxe4 Qxc5 35. Rxe7 h4 $1 36. gxh4
Bf6 37. Rb7 Qe3 38. Bg2 (38. Qf3 Rc2+ 39. Kg3 Qg1+ $19) 38... Rc1 39. Rb3 Qc5
40. Qe2 Bxh4 41. Qe3 Qc4 42. Rb4 Qxb4 43. Qxc1 a5 44. f5 g5 45. Bf1 Qd4 46. Qc2
a4 47. Bc4 Qe5+ 48. Kg1 Qe3+ 0-1

[Event "New York op"]
[Site "New York"]
[Date "1991.??.??"]
[Round "3"]
[White "Ivanov, Igor Vasilievich"]
[Black "Olafsson, Helgi"]
[Result "1/2-1/2"]
[WhiteElo "2450"]
[BlackElo "2590"]
[Annotator "Ribli,Z"]
[PlyCount "118"]
[EventDate "1991.03.??"]
[EventType "swiss"]
[EventRounds "9"]
[EventCountry "USA"]
[SourceTitle "CBM 023"]
[Source "ChessBase"]
[SourceDate "1991.08.01"]
[SourceVersion "1"]
[SourceVersionDate "1991.08.01"]
[SourceQuality "1"]

1. c4 c5 2. Nf3 Nc6 3. Nc3 Nf6 4. g3 g6 5. Bg2 Bg7 6. O-O O-O 7. d4 cxd4 8.
Nxd4 Ng4 $6 9. e3 d6 10. b3 Nxd4 11. exd4 Nh6 12. Bb2 (12. Bd2 $1 Nf5 13. d5 a6
14. a4 Bd7 15. Re1 Rb8 16. Bf1 $14 {Hansen,Cu-Hellers,F Amsterdam OHRA-B 1990})
12... Nf5 13. d5 Bd7 14. Re1 (14. Qd2 $5) 14... b5 15. cxb5 Rc8 16. Rc1 Qa5 17.
Qd3 Rc5 18. a3 Bxb5 19. Qd2 Bh6 20. f4 Qb6 21. Kh1 Bg7 22. b4 Rc7 23. Nxb5 Rxc1
24. Rxc1 Bxb2 25. Qxb2 Qxb5 26. Qd2 h5 27. Be4 e6 28. dxe6 fxe6 29. Kg2 d5 30.
Bxf5 Rxf5 31. Rc5 Qa6 32. Qc2 Kg7 33. Qc3+ e5 34. b5 Qa4 35. Rxd5 Qe4+ 36. Qf3
Qc2+ 37. Kh3 e4 38. Rd7+ Kh6 39. Qe3 Qc8 40. Rd2 Rxb5+ 41. Kg2 Qc5 42. Qxe4
Qxa3 43. Qe8 Qc3 44. Kh3 Rb6 45. Rd7 Qf6 46. Rf7 Qe6+ 47. Qxe6 Rxe6 48. Rxa7
Re2 49. Ra6 Rf2 50. Rb6 Kh7 51. Kh4 Rxh2+ 52. Kg5 Rg2 53. Rb7+ Kg8 54. Kh6 Rxg3
55. Rg7+ Kf8 56. f5 h4 57. fxg6 Rh3 58. Rf7+ Kg8 59. Ra7 Rf3 1/2-1/2

[Event "New York op"]
[Site "New York"]
[Date "1991.??.??"]
[Round "7"]
[White "Frias Pablaza, Victor J"]
[Black "Epishin, Vladimir"]
[Result "1/2-1/2"]
[WhiteElo "2520"]
[BlackElo "2620"]
[Annotator "Ribli,Z"]
[PlyCount "55"]
[EventDate "1991.03.??"]
[EventType "swiss"]
[EventRounds "9"]
[EventCountry "USA"]
[SourceTitle "CBM 023"]
[Source "ChessBase"]
[SourceDate "1991.08.01"]
[SourceVersion "1"]
[SourceVersionDate "1991.08.01"]
[SourceQuality "1"]

1. Nf3 Nf6 2. c4 g6 3. g3 Bg7 4. Bg2 O-O 5. O-O c5 6. Nc3 Nc6 7. d4 cxd4 8.
Nxd4 Ng4 9. Nb3 $6 (9. e3 $1) 9... d6 10. Nd5 a5 $1 11. a4 Nge5 12. Nd2 e6 13.
Nc3 Nb4 14. Qb3 Qc7 15. Nb5 Qc5 16. Ne4 Qxc4 17. Qxc4 Nxc4 18. Nexd6 $11 Nxb2
19. Bxb2 Bxb2 20. Rab1 Bf6 21. Nxb7 Bxb7 22. Bxb7 Rab8 23. Bf3 Rfc8 24. Rfc1
Nd5 25. Rxc8+ Rxc8 26. Nd6 Rd8 27. Bxd5 Rxd6 28. Bc4 1/2-1/2

[Event "London WFW"]
[Site "London"]
[Date "1991.??.??"]
[Round "?"]
[White "Davies, Nigel Rodney"]
[Black "Arkell, Keith C"]
[Result "1-0"]
[WhiteElo "2500"]
[BlackElo "2450"]
[Annotator "Ribli,Z"]
[PlyCount "75"]
[EventDate "1991.05.??"]
[EventType "tourn"]
[EventRounds "13"]
[EventCountry "ENG"]
[EventCategory "11"]
[SourceTitle "CBM 024"]
[Source "ChessBase"]
[SourceDate "1991.10.01"]
[SourceVersion "1"]
[SourceVersionDate "1991.10.01"]
[SourceQuality "1"]

1. c4 c5 2. Nf3 Nf6 3. Nc3 Nc6 4. g3 g6 5. Bg2 Bg7 6. d4 cxd4 7. Nxd4 O-O 8.
O-O Nxd4 9. Qxd4 d6 10. Qd3 a6 11. Be3 Bf5 (11... Ng4 12. Bd4 Ne5 13. Qd1 Rb8
14. Rc1 $5 (14. a4 Be6 15. Nd5 Bxd5 16. Bxd5 Nc6 17. Bxg7 Kxg7 18. Qd2 Qa5 $10
{Ftacnik,L-Wojtkiewicz,A Haninge 1990 CBM/18}) 14... Be6 15. Nd5 b5 16. c5 Bxd5
17. Bxd5 dxc5 18. Bxc5 Nd7 19. b4 Nxc5 20. bxc5 Qc7 21. Qb3 $14 {
Boersma-Smejkal Bad Wörishofen 1988 48/60}) 12. Qd2 Qd7 13. Rfd1 $5 (13. Bd4
Bh3 (13... Be6 $5 14. b3 Bh3 15. Rac1 Bxg2 16. Kxg2 Qc6+ 17. f3 Rfe8 18. Rfd1
Rad8 19. e4 e6 $13 {Cvitan,O-Popovic,P Vrsac 1989 CBM/15}) 14. Bxf6 Bxf6 15.
Bxh3 Qxh3 16. Nd5 Qf5 17. Qd3 $14 {Bareev,E-Smirin,I URS-ch Leningrad 1990 CBM/
21 50/55}) 13... Rac8 14. c5 $1 dxc5 15. Qxd7 Nxd7 16. Bxb7 Rb8 17. Bxa6 Rxb2
18. Nd5 $1 Re8 19. a4 Bc2 20. Bb5 Rxb5 21. axb5 Bxa1 22. Rxa1 e6 23. Nc7 Rb8
24. f3 Bb3 25. Ra7 Bc4 26. Kf2 Kg7 27. g4 h6 28. h4 e5 29. Bd2 h5 30. g5 Rc8
31. Ba5 Rb8 32. Bc3 Rc8 33. f4 Kg8 34. fxe5 Nf8 35. b6 Rb8 36. e6 $1 Bxe6 37.
Nxe6 Nxe6 38. b7 1-0

[Event "POL-ch 53rd"]
[Site "Brzeg Dolny"]
[Date "1996.??.??"]
[Round "13"]
[White "Markowski, Tomasz"]
[Black "Gdanski, Jacek"]
[Result "1-0"]
[WhiteElo "2535"]
[BlackElo "2480"]
[Annotator "Ribli,Z"]
[PlyCount "77"]
[EventDate "1996.03.09"]
[EventType "tourn"]
[EventRounds "15"]
[EventCountry "POL"]
[EventCategory "9"]
[SourceTitle "CBM 053"]
[Source "ChessBase"]
[SourceDate "1996.08.01"]
[SourceVersion "1"]
[SourceVersionDate "1996.08.01"]
[SourceQuality "1"]

1. Nf3 c5 2. c4 Nc6 3. Nc3 Nf6 4. g3 g6 5. Bg2 Bg7 6. O-O O-O 7. d4 cxd4 8.
Nxd4 Nxd4 9. Qxd4 d6 10. Qd3 a6 11. Bd2 $5 {In der letzten Zeit gibt man
dieser Variante die besten Chancen, Vorteil zu erreichen.} Rb8 12. Rac1 Be6 {
Die schwarze Aufstellung sieht sehr logisch aus, troztdem kann Weiss seinen
Vorteil behalten.} 13. b3 Nd7 (13... Qd7 14. a4 Rfc8 15. e4 Ng4 16. a5 Ne5 17.
Qe3 Qd8 18. Nd5 $14 {Bellavita,G-Jakob,S/Mendrisio/1989/}) 14. e4 b5 15. cxb5
axb5 16. Nd5 Nc5 17. Qe2 Qd7 $6 (17... Bd7 $2 18. e5 $1 Re8 19. Be3 $16 {
Uhlmann,W-Gruenberg,H/DDR-ch/1974/INF19,63/}) (17... Bxd5 $5 18. exd5 b4 19.
Rc4 Qa5 20. Be3 $14 {Uhlmann}) 18. b4 $1 Bxd5 (18... Na6 19. Rc2 $14) (18...
Na4 $2 19. Rc7 $18) 19. exd5 Na4 20. Rc6 $1 $14 {Nach dieser Neureung hat
Schwarz wenig Chancen, das Spiel auszugleichen. Ich meine, daß Weiss besser
steht, weil er die offene c-Linie und die halboffene e-Linie besetzt hält, der
e7-Bauer schwach und die offene Stellung für das Läuferpaar günstig ist.} (20.
Rfe1 Rfe8 21. Rc6 Nb2 22. Bc1 Nc4 23. a4 Bc3 24. axb5 $44 {Wojtkiewicz,
A-Dolgitser,K/New York op/1991/CBM23/}) 20... Rb7 21. h4 $5 Ra8 $5 {Natürlich
weiß auch der Nachziehende: Ein Turm gehört auf eine offene (halboffene) Linie.
} 22. Kh2 {Markowski setzt sein Spiel logisch fort.} Nb2 23. Bh3 f5 (23... Qd8
24. Rfc1 Nc4 25. a4 $1 $16) 24. Rfc1 h5 {Dieser Zug hat zwei Ziele: 1.Schwarz
will g4 verhindern. 2. Sein König erhält einen Fluchweg. Jetzt kann Weiss mit
seinem Läufer den Punkt g5 für "ewig" besetzen.} (24... Rxa2 $2 25. Bc3 Rba7
26. Rc2 Nc4 27. Rxa2 Rxa2 28. Qxa2 Bxc3 29. Qa8+ Kf7 30. Qb8 $18) (24... Nc4 $5
) 25. Bg2 Kh7 (25... Rxa2 26. Bc3 $16) 26. Bg5 {>< e7} Nc4 27. Rc2 Ra4 28. Qe6
Rba7 (28... Rxb4 29. Rc8 Qxe6 30. dxe6 Ra7 31. Re8 $16 Bf6 $2 32. Bxf6 exf6 33.
e7 $18 {/\ Rh8+ und e8Q}) 29. Rc8 Qxe6 $8 30. dxe6 Ne5 (30... Rxb4 31. Re8 $18)
(30... Rxa2 31. Rxa2 Rxa2 32. Bxe7 Re2 33. Bg5 Rxe6 34. Bd5 Re1 35. Bg8+ Kh8
36. Bxc4+ $18) 31. R8c7 Ng4+ 32. Kg1 Bd4 $2 (32... Rxa2 $5 33. Rxe7 (33. Bxe7
$2 Rxc2 34. Rxa7 Bd4 35. Rb7 Bxf2+ 36. Kh1 (36. Kf1 Ne3#) 36... Rc1+ 37. Bf1
Rxf1+ 38. Kg2 Rg1+ 39. Kf3 Rxg3+ 40. Ke2 Re3+ 41. Kf1 Rxe6 $19) 33... Rxe7 (
33... Rxc2 34. Rxa7 Rxf2 $2 35. e7 Re2 36. Kf1 Re6 37. Bc6 $18) 34. Rxa2 Rxe6
35. Bf1 $44) 33. Bxe7 Bxf2+ 34. Kh1 Rxc7 35. Rxc7 Bb6 36. Rb7 Ra7 37. Rxa7 Bxa7
38. Bc6 Kg7 39. Bg5 {Ribli} 1-0

[Event "GER-ch"]
[Site "Bad Neuenahr"]
[Date "1991.??.??"]
[Round "3"]
[White "Serrer, Christoph"]
[Black "Schuh, Hubert"]
[Result "0-1"]
[WhiteElo "2305"]
[BlackElo "2375"]
[Annotator "Ribli,Z"]
[PlyCount "110"]
[EventDate "1991.06.??"]
[EventType "tourn"]
[EventRounds "15"]
[EventCountry "GER"]
[EventCategory "7"]
[SourceTitle "CBM 024"]
[Source "ChessBase"]
[SourceDate "1991.10.01"]
[SourceVersion "1"]
[SourceVersionDate "1991.10.01"]
[SourceQuality "1"]

1. Nf3 c5 2. c4 Nf6 3. Nc3 Nc6 4. d4 cxd4 5. Nxd4 g6 6. g3 Bg7 7. Bg2 Qb6 8.
Nc2 O-O 9. O-O {-> A 39} d6 10. b3 Be6 11. h3 (11. Nd5 $5 Bxd5 12. cxd5 Ne5 13.
Be3 Qa6 14. a4 Rfc8 15. Na3 $14 {Keene-Littlewood England 1971}) 11... a6 12.
Qd2 Rac8 13. Ne3 Qa5 14. Bb2 b5 15. cxb5 axb5 16. Rfd1 Rfd8 17. Qd3 $2 (17.
Rac1 $5) 17... b4 18. Bxc6 Rxc6 19. Ncd5 Nxd5 20. Nxd5 Qxd5 21. Qxd5 Bxd5 22.
Bxg7 Bxb3 23. axb3 Kxg7 24. Rd4 Rb8 25. Ra4 Rc3 26. Raxb4 Rxb3 27. Rxb8 Rxb8
28. Kg2 Rb6 29. f4 h5 30. Kf3 Kf6 31. Ra4 Rb3+ 32. e3 g5 33. fxg5+ Kxg5 34.
Ra5+ Kg6 35. Ra7 e6 36. h4 d5 37. Ra4 f6 38. Ke2 e5 39. Ra5 Rb2+ 40. Kf1 Rd2
41. Ke1 Rg2 42. Rxd5 Rxg3 43. Kf2 Rh3 44. Rd6 Rxh4 45. Ra6 Kf5 46. Rb6 Rh1 47.
Rb5 h4 48. Rb4 Rh2+ 49. Kf1 Kg5 50. Ra4 Rb2 51. Kg1 Re2 52. Ra3 h3 53. Rb3 Kg4
54. Kh1 e4 55. Rb6 Kg3 0-1

[Event "Sydney Mercantile"]
[Site "Sydney"]
[Date "1991.??.??"]
[Round "2"]
[White "Rogers, Ian"]
[Black "Antonio, Rogelio Jr"]
[Result "1-0"]
[WhiteElo "2545"]
[BlackElo "2490"]
[Annotator "Ribli,Z"]
[PlyCount "83"]
[EventDate "1991.04.??"]
[EventType "tourn"]
[EventRounds "9"]
[EventCountry "AUS"]
[EventCategory "10"]
[SourceTitle "CBM 023"]
[Source "ChessBase"]
[SourceDate "1991.08.01"]
[SourceVersion "1"]
[SourceVersionDate "1991.08.01"]
[SourceQuality "1"]

1. Nf3 Nf6 2. g3 g6 3. Bg2 Bg7 4. O-O c5 5. d4 cxd4 6. Nxd4 Nc6 7. c4 O-O 8.
Nc3 Nxd4 9. Qxd4 d6 10. Bg5 a6 (10... Be6 11. Qf4 Qa5 12. Rac1 Rab8 13. b3 Rfc8
14. Qd2 a6 15. Be3 $10 {Fischer,R-Spasky,B Reykjavik 1972 m 14/100}) 11. Rac1
Rb8 12. Rfd1 Qa5 13. Qd2 {/\ Nd5} Rd8 14. b3 Be6 15. Be3 b5 16. Nd5 $1 Qxd2 17.
Bxd2 Rd7 18. Nf4 Bf5 19. Ba5 h5 20. h3 Be4 21. Bxe4 Nxe4 22. c5 $1 Ra7 23. c6
e6 24. c7 Rc8 25. f3 Nxg3 26. Rxd6 Raa8 27. Kf2 Nf5 28. Rd8+ Kh7 29. e3 Bf6 30.
Rd7 Kg8 31. Nd3 Kf8 32. Nc5 Bh4+ 33. Ke2 Ke8 34. e4 Ng3+ 35. Kd3 Be7 36. Rd4 h4
37. Nb7 Nh5 38. e5 f5 39. Rc6 g5 40. Kd2 Nf4 41. Rd8+ Kf7 42. Nd6+ 1-0

[Event "Alushta3"]
[Site "Alushta"]
[Date "1994.??.??"]
[Round "7"]
[White "Fominyh, Alexander"]
[Black "Fish, Gennadij"]
[Result "1/2-1/2"]
[WhiteElo "2515"]
[BlackElo "2445"]
[Annotator "Ribli,Z"]
[PlyCount "94"]
[EventDate "1994.??.??"]
[EventType "tourn"]
[EventRounds "11"]
[EventCountry "UKR"]
[EventCategory "8"]
[SourceTitle "CBM 041"]
[Source "ChessBase"]
[SourceDate "1994.08.01"]
[SourceVersion "1"]
[SourceVersionDate "1994.08.01"]
[SourceQuality "1"]

1. Nf3 Nf6 2. c4 c5 3. g3 Nc6 4. Bg2 g6 5. O-O Bg7 6. d4 cxd4 7. Nxd4 Nxd4 8.
Qxd4 d6 9. Nc3 O-O 10. Qd3 a6 11. Be3 Bf5 (11... Ng4 $5 {Wojtkiewicz,A-Gdanski,
J/Warszaw m/1993/EXP34/}) 12. Qd2 Qd7 13. Rfd1 $5 (13. Bd4 Be6 $5 14. b3 Bh3
$13 {Cvitan,O-Popovic,P/Vrsac/1989/CBM15/}) 13... Rac8 14. c5 dxc5 15. Qxd7
Nxd7 16. Bxb7 Rb8 17. Bxa6 Rxb2 18. Nd5 Re8 19. a4 Kf8 $5 (19... Bc2 $6 20. Bb5
$1 $14 {Davies,N-Arkell,K/London WFW/1991/CBM24/}) 20. Rac1 $6 (20. Bb5 $5 Rxb5
21. axb5 Bxa1 22. Rxa1 Rb8 (22... Rc8 $5) 23. Nc7 $14) 20... Bc2 21. Rxc2 Rxc2
22. Bb5 Nf6 $1 (22... Rd8 $2 23. Nb6 Nxb6 24. Rxd8#) 23. Bxe8 Nxd5 $1 24. Rxd5
Kxe8 25. Rxc5 (25. Kf1 Ra2 $10) 25... Rxe2 26. Rc8+ Kd7 27. Ra8 Ra2 28. a5 Ra4
29. a6 Bd4 $1 30. Bxd4 Rxd4 31. Ra7+ (31. a7 Ra4 $10) 31... Ke6 32. Rb7 Ra4 33.
a7 f5 34. Kf1 g5 35. Ke2 Kf6 36. Kd3 f4 37. Kc3 fxg3 38. hxg3 (38. fxg3 $5)
38... h5 39. Kb3 Ra1 40. Kc4 h4 41. Kb5 Kf7 $1 42. gxh4 gxh4 43. Kb6 h3 44. Rb8
h2 45. Rh8 Rb1+ 46. Kc5 Ra1 47. Rxh2 Rxa7 1/2-1/2

[Event "Reggio Emilia Top16 33rd"]
[Site "Reggio Emilia"]
[Date "1991.??.??"]
[Round "?"]
[White "Ehlvest, Jaan"]
[Black "Andersson, Ulf"]
[Result "1/2-1/2"]
[WhiteElo "2650"]
[BlackElo "2640"]
[Annotator "Ribli,Z"]
[PlyCount "47"]
[EventDate "1991.01.??"]
[EventType "tourn"]
[EventRounds "14"]
[EventCountry "ITA"]
[EventCategory "16"]
[SourceTitle "CBM 022"]
[Source "ChessBase"]
[SourceDate "1991.06.01"]
[SourceVersion "1"]
[SourceVersionDate "1991.06.01"]
[SourceQuality "1"]

1. Nf3 Nf6 2. c4 c5 3. Nc3 Nc6 4. g3 g6 5. Bg2 Bg7 6. O-O O-O 7. d4 cxd4 8.
Nxd4 Nxd4 9. Qxd4 d6 10. Qd3 Bf5 11. e4 Be6 12. Bd2 a6 13. b3 Rb8 14. Rac1 Qd7
(14... Nd7 15. Qe2 Ne5 16. h3 b5 17. cxb5 axb5 18. f4 Nc6 19. Nxb5 Bd7 20. Kh2
$14 {Van der Sterren,P-Blees,A NLD-ch 1990 CBM/19}) 15. a4 $6 Bh3 16. f3 Bxg2
17. Kxg2 Rfc8 18. Be3 Qd8 19. Nd5 Nxd5 20. cxd5 (20. exd5 $5) 20... Qd7 21.
Rxc8+ Rxc8 22. Rc1 Rxc1 23. Bxc1 Qc8 24. Be3 1/2-1/2

[Event "Politiken Cup 18th"]
[Site "Copenhagen"]
[Date "1996.??.??"]
[Round "2"]
[White "Akesson, Ralf"]
[Black "Hartvig, Ove Weiss"]
[Result "1-0"]
[WhiteElo "2505"]
[BlackElo "2300"]
[Annotator "Ribli,Z"]
[PlyCount "67"]
[EventDate "1996.06.??"]
[EventType "swiss"]
[EventRounds "11"]
[EventCountry "DEN"]
[SourceTitle "CBM 054"]
[Source "ChessBase"]
[SourceDate "1996.10.01"]
[SourceVersion "1"]
[SourceVersionDate "1996.10.01"]
[SourceQuality "1"]

1. Nf3 Nf6 2. c4 c5 3. Nc3 Nc6 4. g3 g6 5. d4 cxd4 6. Nxd4 Nxd4 7. Qxd4 Bg7 8.
Bg2 d6 9. O-O O-O 10. Qd3 a6 11. Be3 Bf5 (11... Ng4 $5) 12. Qd2 Qd7 13. Bd4 (
13. Rfd1 $5 Rac8 14. c5 $36 {Fominyh,A-Fish,G/Alushta3/1994/CBM41/}) 13... Be6
(13... Bh3 $6 14. Bxf6 Bxf6 15. Bxh3 Qxh3 16. Nd5 Qf5 17. Qd3 $5 $14 {Bareev,
E-Smirin,I/URS-ch/1990/INF50,55/}) (13... Rab8 $5 14. Rac1 Be6 15. b3 b5 16.
cxb5 axb5 17. e4 Ng4 18. Rc2 Rfc8 19. Bxg7 Kxg7 20. Rfc1 Qa7 $132 {Abramovic,
B-Cebalo,M/EUCup Ljubljana/1995/}) 14. b3 Bh3 {Schwarz hat mit 13.-,Be6 l4.b3
ein Tempo verloren, die Idee ist die Variante 15.Bxf6 Bxf6 16.Bxh3 Qxh3 17.Nd5
umgehen, ja haengt auf a1. Aber b3 ist ein normaler Zug fuer Weiss.} 15. Rac1
Bxg2 16. Kxg2 Rfe8 (16... b5 17. Bxf6 Bxf6 18. Nd5 Bg7 19. cxb5 axb5 20. Rc7
$16) (16... Qc6+ 17. f3 Rfe8 18. Rfd1 Rad8 19. e4 $14 {Cvitan,O-Popovic,P/
Vrsac/1989/CBM15/}) 17. Rfd1 b6 (17... b5 18. Bxf6 Bxf6 19. Nd5 Bg7 20. cxb5
axb5 21. Nc7) (17... Rab8 18. Kg1 $6 {Hausner,I-Jirovsky,Pa/CZE-ch/1991/} Qh3
19. Bxf6 Bxf6 20. Nd5 Bg7 21. Qe3 Rbd8 22. Qf3 Qc8 $10) 18. Bxf6 Bxf6 19. Nd5
Bg7 20. c5 $1 {Ein originaler Versuch. Ohne diesen Zug ist es fuer Weiss nicht
leicht weiterzugehen, Schwarz droht Qb7,e6 und Rad8.} bxc5 21. Rxc5 Rec8 (21...
e6 22. Nc7 Rec8 23. Qxd6 Qxd6 24. Rxd6 Bf8 25. Nxa8 Rxc5 (25... Rxa8 26. Rcc6
$16) 26. Rxa6 $18) 22. Rdc1 Rxc5 23. Rxc5 e6 24. Rc7 Qd8 25. Qf4 f5 26. Ne7+
Kh8 27. Rb7 a5 (27... Rb8 $2 28. Nc6) 28. Qc4 e5 29. Qe6 $18 a4 30. bxa4 Rxa4
31. Nc6 Qg8 32. Rb8 Bf8 33. Qf6+ Qg7 34. Rxf8# {Schwarz hatte keine Chance in
dieser Partie. Ribli} 1-0